TripAdvisor Reviews from Middle-earth Quiz Stats

 Plays Quiz Updated Feb 2, 2019

Support Sporcle.
Go Orange.
Score 0/20 Timer 12:00
2 Plays Today
% Correct
Isengard
88.1%
Bag End
87.4%
Moria
86.6%
Rivendell
86.3%
The Prancing Pony
79.6%
Black Gate
75.4%
Mount Doom
73.5%
Minas Tirith
72.8%
Helm's Deep
72.8%
Lonely Mountain (Erebor)
71.8%
% Correct
Fangorn
69.6%
Lothlórien
63.3%
Mirkwood
61.7%
Lake-town (Esgaroth)
61%
Minas Morgul
60.6%
Dead Marshes
56.3%
Cirith Ungol
56.1%
Osgiliath
55.4%
Barad-dûr
53.9%
Golden Hall of Meduseld, Edoras
50.7%

You're not logged in!

Compare scores with friends on all Sporcle quizzes.
OR
Log In

From the Vault

Top 100 Scorers in NBA History

by Rikster2

Which one of these guys is the Vinny Testaverde of the NBA?
Remove Ads.
Support Sporcle.
Get the best of Sporcle when you Go Orange. This ad-free experience offers more features, more stats, and more fun while also helping to support Sporcle. Thank you for becoming a member.

Show Comments

Extras

Top Quizzes Today


Score Distribution

Your Account Isn't Verified!

In order to create a playlist on Sporcle, you need to verify the email address you used during registration. Go to your Sporcle Settings to finish the process.

Report this User

Report this user for behavior that violates our Community Guidelines.

Details: